Datum a čas kvízu
43
Celkem bodů
Celkový počet nahraných bodů na tomto kvízu bez doplňovacích otázek.
1.
Pořadí na kvízu
Konečné umístění týmu na tomto kvízu.
Zaznamenané odpovědi
| # | Otázka | Odpověď | Body | Výsledky |
|---|---|---|---|---|
| 1. | V Olomouci byli minulý týden p... | propisku | 1 | |
| 2. | Státníci kterých dvou zemí si... | Japonsko (premiérka), Jižní Korea (prezident) | 1 | |
| 3. | Minulý týden bylo oznámeno jmé... | o Hanse Zimmera | 1 | |
| 4. | Mladoboleslavská automobilka p... | Epiq; Peaq | 1 | |
| 5. | Stáj formule 1 Red Bull minulý... | Martin Šonka | 1 | |
| 6. | Vaším úkolem v tématu bude odh... | červenou, bílou | 1 | |
| 7. | Teď se podíváme na domácí fotb... | čtyři | 1 | |
| 8. | Pojďme na hokej. Lev v logu BK... | zelená | 1 | |
| 9. | Na základě zobrazených barev l... | New York Knicks | 1 | |
| 10. | Které americké město oslavuje... | Pittsburgh | 0 |